Ley de víctimas y restitución de tierras y decretos reglamentarios : (Registro nro. 7074)

Detalles MARC
000 -LEADER
fixed length control field 01209cam a2200277 a 4500
003 - CONTROL NUMBER IDENTIFIER
control field OSt
005 - DATE AND TIME OF LATEST TRANSACTION
control field 20210131163653.0
008 - FIXED-LENGTH DATA ELEMENTS--GENERAL INFORMATION
fixed length control field 130415s2011 ck rl f000 0 spa d
040 ## - CATALOGING SOURCE
Original cataloging agency CO-JMCR
Transcribing agency CO-JMCR
041 0# - LANGUAGE CODE
Language code of text/sound track or separate title spa
082 04 - DEWEY DECIMAL CLASSIFICATION NUMBER
Classification number 345.861025 /
Item number C718l
Edition number 21
110 1# - MAIN ENTRY--CORPORATE NAME
Corporate name or jurisdiction name as entry element Colombia
9 (RLIN) 8040
240 10 - UNIFORM TITLE
Uniform title Leyes, etc.
245 10 - TITLE STATEMENT
Title Ley de víctimas y restitución de tierras y decretos reglamentarios :
Remainder of title por la cual se dictan medidas de atención, asistencia y reparación integral a las víctimas del conflicto armado interno y se dictan otras disposiciones /
Statement of responsibility, etc. Ministerio del Interior y de Justicia
250 ## - EDITION STATEMENT
Edition statement Segunda edición aumentada
260 ## - PUBLICATION, DISTRIBUTION, ETC.
Place of publication, distribution, etc. Bogotá :
Name of publisher, distributor, etc. Ministerio del Interior y de Justicia,
Date of publication, distribution, etc. 2012
300 ## - PHYSICAL DESCRIPTION
Extent 421 páginas ;
Dimensions 24 cm.
505 ## - FORMATTED CONTENTS NOTE
Formatted contents note Decretos Ley, grupos étnicos -- Decretos reglamentarios
610 14 - SUBJECT ADDED ENTRY--CORPORATE NAME
Corporate name or jurisdiction name as entry element Colombia
Title of a work Ley 1448 de 2011 (junio 10)
9 (RLIN) 12906
650 14 - SUBJECT ADDED ENTRY--TOPICAL TERM
Topical term or geographic name entry element Reparación (Justicia penal)
Geographic subdivision Colombia
9 (RLIN) 8859
650 24 - SUBJECT ADDED ENTRY--TOPICAL TERM
Topical term or geographic name entry element Justicia restaurativa
Geographic subdivision Colombia
9 (RLIN) 12907
650 24 - SUBJECT ADDED ENTRY--TOPICAL TERM
Topical term or geographic name entry element Indemnización judicial
Geographic subdivision Colombia
9 (RLIN) 12908
650 24 - SUBJECT ADDED ENTRY--TOPICAL TERM
Topical term or geographic name entry element Conflicto armado
General subdivision Legislación
Geographic subdivision Colombia
9 (RLIN) 12909
650 24 - SUBJECT ADDED ENTRY--TOPICAL TERM
Topical term or geographic name entry element Víctimas de delitos
General subdivision Legislación
Geographic subdivision Colombia
9 (RLIN) 8861
942 ## - ADDED ENTRY ELEMENTS (KOHA)
Source of classification or shelving scheme Dewey Decimal Classification
Koha item type Books
Existencias
Withdrawn status Lost status Source of classification or shelving scheme Damaged status Not for loan Home library Current library Date acquired Full call number Barcode Date last seen Copy number Price effective from Koha item type
    Dewey Decimal Classification     Biblioteca Pública José María del Castillo y Rada Biblioteca Pública José María del Castillo y Rada 01/31/2021 345.861025 / C718l 201810148 05/16/2024 Ej.1 01/31/2021 Books